Statistics for Middle Earth Geography

Click here to take the quiz!

General Stats

  • This quiz has been taken 34,534 times
  • The average score is 12 of 17

Answer Stats

CluePlace% Correct
Land of the hobbitsThe {Shire}
97%
Sauron's kingdomMordor
93%
Frodo's destination (mountain)Mount Doom
89%
Aragorn's kingdomGondor
82%
Human grassland kingdomRohan
78%
Dwarven mines beneath the above
(home to the Balrog)
Moria
75%
Elven outpost ruled by ElrondRivendell
74%
Mountain home of the dragon Smaug{Lonely} Mountain
72%
Fortified capital of the aboveMinas Tirith
69%
Saruman's fortressIsengard
65%
Bilbo Baggin's hobbit holeBag End
61%
Major mountain range running north-south{Misty} Mountains
59%
Village where Frodo meets AragornBree
58%
Galadriel's realmLothlórien
58%
Home of the entsFangorn
53%
Huge dark forest where Sauron
lived in the past
Mirkwood
51%
Atlantis-like former kingdomNúmenor
34%

Score Distribution

Percentile by Number Answered

Percent of People with Each Score

Your Score History

You have not taken this quiz